000
00313nam a2200133Ia 4500
100
_a
Colclaser R.A & others
942
_c
BK
654
_a
electronic
245
_a
Electronic circuits analysis
260
_b
John wiley and sons
_a
New York
_c
1984
082
_a
621.38153
_b
COL
300
_a
574
546
_a
ENGLISH
999
_c
22787
_d
22787